000 003130000a22000970004500
100 1 _aTamez, Elsa
245 1 0 _aDe padre de los Huérfanos a hermano de Chacales y compañero de avestruces : Meditación de Job
300 _aVol.307, núm.307 (Septiembre, 2004), Páginas 627-635
773 0 _tConcilium
942 _cANA
999 _c61042
_d61042